000
00340nam a22001457a 4500
008
210609b ||||| |||| 00| 0 eng d
020
_a
9780697126436
041
_a
eng
080
_2
4th
_a
37
082
_a
37
100
_a
46
101
_a
EDU
245
_a
Motor Learning Concepts and Applications
_c
Richard A. Magill
942
_2
udc
_c
BK
999
_c
58076
_d
58076